书目信息 |
| 题名: |
随机过程
|
|
| 作者: | 毛用才 , 胡奇英 编著 | |
| 分册: | ||
| 出版信息: | 西安 西安电子科技大学出版社 1998 |
|
| 页数: | 202页 | |
| 开本: | 26cm | |
| 丛书名: | ||
| 单 册: | ||
| 中图分类: | O211.6 | |
| 科图分类: | ||
| 主题词: | 随机过程--研究生--教材 | |
| 电子资源: | ||
| ISBN: | 7-5606-0591-5 | |
| 000 | 00887nam0 2200241 45 | |
| 001 | 050000000630 | |
| 005 | 20050912161004.65 | |
| 010 | @a7-5606-0591-5@dCNY15.00 | |
| 100 | @a20031212e20021998ekmy0chiy0120 ea | |
| 101 | 0 | @achi |
| 102 | @aCN@b610000 | |
| 105 | @aak z 000yy | |
| 200 | 1 | @a随机过程@Asui ji guo cheng@f毛用才,胡奇英编著@Fmao yong cai,hu qi ying bian zhu |
| 210 | @a西安@c西安电子科技大学出版社@d1998 | |
| 215 | @a202页@c图@d26cm | |
| 300 | @a研究生系列教材 西安电子科技大学研究生教材建设基金资助 | |
| 330 | @a全书共分7章,内容包括概率论的补充知识、随机过程的基本概念、二阶矩过程的均方微积分、平稳过程、马尔可夫过程、更新过程与马尔可夫更新过程、非平稳随机过程。 | |
| 606 | 0 | @a随机过程@x研究生@x教材 |
| 690 | @aO211.6@v4 | |
| 701 | 0 | @a毛用才@Amao yong cai@4编著 |
| 701 | 0 | @a胡奇英@Ahu qi ying@4编著 |
| 801 | 0 | @aCN@bTSSF@c20050912 |
| 905 | @a10447@dO211.6@e153 | |
| 随机过程/毛用才,胡奇英编著.-西安:西安电子科技大学出版社,1998 |
| 202页:图;26cm |
| 研究生系列教材 西安电子科技大学研究生教材建设基金资助 |
| ISBN 7-5606-0591-5:CNY15.00 |
| 全书共分7章,内容包括概率论的补充知识、随机过程的基本概念、二阶矩过程的均方微积分、平稳过程、马尔可夫过程、更新过程与马尔可夫更新过程、非平稳随机过程。 |
| ● |
| 相关链接 |
|
|
|
|
正题名:随机过程
索取号:O211.6/153
 
预约/预借
| 序号 | 登录号 | 条形码 | 馆藏地/架位号 | 状态 | 备注 |
| 1 | 0360949 | 3609492 | 第二样本阅览室/ [索取号:O211.6/153] | 在馆 | |
| 2 | 0360950 | 3609508 | 第三借阅区/ [索取号:O211.6/153] | 在馆 | |
| 3 | 0360951 | 3609517 | 第三借阅区/ [索取号:O211.6/153] | 在馆 | |
| 4 | 0360952 | 3609526 | 第三借阅区/ [索取号:O211.6/153] | 在馆 | |
| 5 | 0360953 | 3609535 | 第三借阅区/ [索取号:O211.6/153] | 在馆 |